Hauptstadt zur Flagge - Statistiken

Allgemein
  • Dieses Quiz wurde 29 mal gespielt
  • Das Durchschnittsergebnis liegt bei 111 aus 196
Antwortstatistiken
Bildquiz Antwort % Korrekt
Brasilia
89%
Andorra la Vella
83%
Athen
83%
Dublin
83%
Helsinki
83%
Jerusalem
83%
Mexiko-Stadt
83%
Oslo
83%
Rom
83%
San Marino
83%
Wien
83%
Algier
78%
Ankara
78%
Bern
78%
Brüssel
78%
Budapest
78%
Hanoi
78%
Kiew
78%
Kopenhagen
78%
Lima
78%
Lissabon
78%
London
78%
Monaco
78%
Nikosia
78%
Peking
78%
Pjöngjang
78%
Reykjavik
78%
Riga
78%
Sofia
78%
Tirana
78%
Tokio
78%
Vaduz
78%
Vatikanstadt
78%
Washington D.C.
78%
Bangkok
72%
Beirut
72%
Bratislava
72%
Canberra
72%
Dhaka
72%
Doha
72%
Havanna
72%
Kairo
72%
Kingston
72%
Malé
72%
Montevideo
72%
Moskau
72%
Nairobi
72%
Ottawa
72%
Panama
72%
Pristina
72%
Riad
72%
Taipeh
72%
Teheran
72%
Warschau
72%
Abu Dhabi
67%
Bagdad
67%
Baku
67%
Belgrad
67%
Buenos Aires
67%
Bukarest
67%
Caracas
67%
Islamabad
67%
Jakarta
67%
Kabul
67%
Luxemburg
67%
Maskat
67%
Port-au-Prince
67%
Quito
67%
Rabat
67%
Sanaa
67%
Singapur
67%
Tallinn
67%
Abuja
61%
Accra
61%
Amsterdam
61%
Asgabat
61%
Astana
61%
Chisinau
61%
Damaskus
61%
Duschanbe
61%
Manama
61%
Maputo
61%
Minsk
61%
Podgorica
61%
Sri Jayewardenepura, Colombo
61%
Tegucigalpa
61%
Tiflis
61%
Tripolis
61%
Ulaanbaatar
61%
Vilnius
61%
Wellington
61%
Yamoussoukro
61%
Bandar Seri Begawan
56%
Berlin
56%
Bischkek
56%
Guatemala-Stadt
56%
Jerewan
56%
Kampala
56%
Kapstadt, Bloemfontein, Pretoria
56%
Kinshasa
56%
Lomé
56%
Lusaka
56%
N'Djamena
56%
Neu-Delhi
56%
Port Moresby
56%
Prag
56%
San José
56%
San Salvador
56%
Santiago de Chile
56%
Sarajevo
56%
Vientiane
56%
Windhoek
56%
Addis Abeba
50%
Amman
50%
Asuncion
50%
Belmopan
50%
Bridgetown
50%
Dakar
50%
Gitega
50%
Juba
50%
Kathmandu
50%
Kigali
50%
Ljubljana
50%
Madrid
50%
Moroni
50%
Niamey
50%
Paris
50%
Phnom Penh
50%
Port of Spain
50%
Sao Tomé
50%
Skopje
50%
Stockholm
50%
Taschkent
50%
Thimphu
50%
Tunis
50%
Valletta
50%
Zagreb
50%
Asmara
44%
Bamako
44%
Bangui
44%
Brazzaville
44%
Dodoma
44%
Freetown
44%
Gaborone
44%
Harare
44%
Libreville
44%
Lilongwe
44%
Malabo
44%
Nouakchott
44%
Ouagadougou
44%
Port Vila
44%
Roseau
44%
Seoul
44%
St. John's
44%
Sucre, La Paz
44%
Victoria
44%
Yaren
44%
Apia
39%
Bissau
39%
Bogota
39%
Georgetown
39%
Kingstown
39%
Majuro
39%
Maseru
39%
Naypyidaw
39%
Ngerulmud
39%
Paramaribo
39%
Porto Novo
39%
Praia
39%
Santo Domingo
39%
Conakry
33%
Dili
33%
Funafuti
33%
Kuala Lumpur
33%
Kuwait-Stadt
33%
Managua
33%
Manila
33%
Mogadishu
33%
Nassau
33%
St. George's
33%
Yaoundé
33%
Antananarivo
28%
Basseterre
28%
Castries
28%
Dschibuti
28%
Honiara
28%
Luanda
28%
Monrovia
28%
Nuku'alofa
28%
Port Louis
28%
Suva
28%
Tarawa
28%
Banjul
22%
Mbabane
22%
Palikir
22%
Khartum
17%
Keine übereinstimmenden Quizze gefunden
Verteilung der Resultate
Anzahl Personen mit jedem Resultat
Perzentil nach korrekt beantworteten Fragen
Ihre Resultats-Entwicklung
Sie haben dieses Quiz noch nicht gespielt